000 00646nam a2200205Ia 4500
003 OSt
005 20230316164032.0
008 210423s2006 xx 000 0 und d
020 _a761934391
040 _cAL
041 _aeng
082 _a303.4833
_223
_bGHOA
100 _aGHOSH (Avik).
_975979
245 _aCommunication technology and human development: recent experiences in the Indian social sector.
260 _aNew Delhi
_bSage Publications
_c2006
300 _a289
_bPB
365 _b340
_cINR
906 _aCommunication ; development: ; experiences ; human ; indian ; recent ; sector. ; social ; technology
942 _2ddc
_cBK
999 _c155562
_d155562